| 000 | 00822nam a2200241Ia 4500 | ||
|---|---|---|---|
| 001 | 16949 | ||
| 003 | GE_BSU | ||
| 008 | 181216s||||||||xx |||||||||||||| ||und|| | ||
| 040 | _cGE_BSU | ||
| 080 | _a821.353.1-91-1 | ||
| 245 | _aარსენას ლექსი | ||
| 245 | _bხალხური ეპოსი | ||
| 245 | _cილ.: ალექსანდრე ბანძელაძე | ||
| 260 | _aთბილისი | ||
| 260 | _bნაკადული | ||
| 260 | _c1966 | ||
| 300 | _a99გვ. 34სმ. | ||
| 300 | _eდანართი 4 გვ. | ||
| 520 | _aტექსტი რუს., ინგლ., ფრანგ. და გერმ. ენებზე. | ||
| 653 | _aარსენას ლექსი | ||
| 653 | _aხალხური ეპოსი | ||
| 942 | _cBK | ||
| 999 |
_c50012 _d50012 |
||